000 01498nam a2200361 a 4500
001 ebr10681435
003 CaPaEBR
006 m u
007 cr cn|||||||||
008 110311s2011 nyua sb 001 0 eng d
010 _z 2011003689
020 _z9781612094526 (softcover)
020 _z9781620810026 (e-book)
040 _aCaPaEBR
_cCaPaEBR
035 _a(OCoLC)779847856
050 1 4 _aQL666.O636
_bB87 2011eb
082 0 4 _a597.96
_222
100 1 _aBurger, Joanna.
245 1 4 _aThe northern pine snake (pituophis melanoleucus)
_h[electronic resource] :
_bits life history, behavior and conservation /
_cJoanna Burger and Robert T. Zappalorti.
260 _aHauppauge, N.Y. :
_bNova Science Publishers,
_cc2011.
300 _axvi, 92 p. :
_bill. (some col.).
490 1 _aReptiles--classification, evolution and systems
504 _aIncludes bibliographical references and index.
533 _aElectronic reproduction.
_bPalo Alto, Calif. :
_cebrary,
_d2013.
_nAvailable via World Wide Web.
_nAccess may be limited to ebrary affiliated libraries.
650 0 _aPine snake
_xHistory.
650 0 _aPine snake
_xBehavior.
650 0 _aPine snake
_xConservation.
655 7 _aElectronic books.
_2local
700 1 _aZappalorti, Robert T.
710 2 _aebrary, Inc.
830 0 _aReptiles--classification, evolution, and systems.
856 4 0 _uhttp://site.ebrary.com/lib/rucke/Doc?id=10681435
_zAn electronic book accessible through the World Wide Web; click to view
999 _c60956
_d60956